| 000 | 00347nam a22001577a 4500 | ||
|---|---|---|---|
| 003 | SGT | ||
| 020 | _a9789384266325 | ||
| 082 |
_a615.19 _bP26B |
||
| 100 | _aBHASKARAN, SHYAMALA | ||
| 245 | _aPHARMACEUTICS | ||
| 260 |
_aNEW DELHI _bBIRLA PUB. _c2026 |
||
| 300 | _a268 | ||
| 650 | _aPHARMACY | ||
| 653 | _aSUTICS, PHARMACEUTICS | ||
| 942 |
_2ddc _cBK |
||
| 999 |
_c34800 _d34800 |
||